000 01152nam a2200301 a 4500
999 _c277
_d277
001 12051028
003 OSt
005 20180813091213.0
008 850307s1984 mnua 000 0 eng
010 _a85126768
020 _a0890660425 (pbk.)
035 _atcgc180139
040 _aDLC
_cDLC
_dm/c
_dTSM
050 0 _aBV4409
_b.G72 1984
082 0 _a253.5
_219
_bG738B
090 _aBV4409.G72
_b1984
100 1 _aGraham, Billy,
_d1918-2018
245 1 4 _aThe Billy Graham Christian worker's handbook :
_ba layman's guide for soul winning and personal counseling.
260 _aMinneapolis, Minn. :
_bWorld Wide Publications,
_cc1984.
300 _a270 p. :
_bill. ;
_c24 cm.
500 _a"Original material compiled by the Spiritual Counseling Department of the Billy Graham Association. Revised and rewritten by Charles G. Ward."
500 _a"Selected from many of Mr. Graham's sermons, letters, articles, and books"--T.p. verso.
500 _aIncludes index.
650 0 _aPeer counseling in the church
_vHandbooks, manuals, etc.
650 0 _aEvangelistic work
_vHandbooks, manuals, etc.
700 1 _aWard, Charles G.
942 _2ddc
_cBK